000 00684nam a2200241 a 4500
001 0001-1174
003 ELIB.Books
008 150507 2010 eng
020 _a9780310330868
035 _a(ELIB.Books)0001-1329
092 _a227.06
_bLon
100 _aLongernecker, Bruce W.
245 _aThinking Through Paul
_bAn Introduction to His Life, Letters, and Theology
260 _aGrand Rapids
_bZondervan Publishing House
_c2014
300 _a408
_c24 Cm
500 _aC/o Moe Lwei
650 _aEpistle of Paul- Theology
856 _nKBTS: Library
_uKBTS: Elib
942 _2ddc
_cBK
990 _a1
998 _cbat
_e2015-05-07
999 _c11174
_d11174